Cours de grammaire française (notice n° 2095304)

détails MARC
000 -LEADER
fixed length control field 01189cam a2200181 4500500
005 - DATE AND TIME OF LATEST TRANSACTION
control field 20260405011512.0
041 ## - LANGUAGE CODE
Language code of text/sound track or separate title fre
042 ## - AUTHENTICATION CODE
Authentication code dc
100 10 - MAIN ENTRY--PERSONAL NAME
Personal name Gardes Tamine, Joëlle
Relator term author
245 00 - TITLE STATEMENT
Title Cours de grammaire française
260 ## - PUBLICATION, DISTRIBUTION, ETC.
Name of publisher, distributor, etc. Armand Colin,<br/>
Date of publication, distribution, etc. 2023.<br/>
520 ## - SUMMARY, ETC.
Summary, etc. Un ouvrage qui offre : • une présentation des méthodes et des notions fondamentales de la grammaire ; • une progression du plus simple au plus complexe : des principales parties du discours, verbe, nom, adjectif, à l’exposé de leurs combinaisons dans le cadre de la phrase (la subordination) et du texte (l’ordre des mots ; de la phrase au texte) ; • une série d’applications, d’exercices et de corrigés en fin de chapitre qui illustrent les exposés ; • 30 fiches synthétiques qui permettent de mémoriser l’essentiel et constituent un bagage pour les révisions aux examens.
700 10 - ADDED ENTRY--PERSONAL NAME
Personal name Gautier, Antoine
Relator term author
700 10 - ADDED ENTRY--PERSONAL NAME
Personal name Mercier-Leca, Florence
Relator term author
700 10 - ADDED ENTRY--PERSONAL NAME
Personal name Niklas-Salminen, Aïno
Relator term author
700 10 - ADDED ENTRY--PERSONAL NAME
Personal name Verjans, Thomas
Relator term author
856 41 - ELECTRONIC LOCATION AND ACCESS
Uniform Resource Identifier <a href="https://shs.cairn.info/cours-de-grammaire-francaise--9782200635411?lang=fr&redirect-ssocas=7080">https://shs.cairn.info/cours-de-grammaire-francaise--9782200635411?lang=fr&redirect-ssocas=7080</a>

Pas d'exemplaire disponible.

PLUDOC

PLUDOC est la plateforme unique et centralisée de gestion des bibliothèques physiques et numériques de Guinée administré par le CEDUST. Elle est la plus grande base de données de ressources documentaires pour les Étudiants, Enseignants chercheurs et Chercheurs de Guinée.

Adresse

627 919 101/664 919 101

25 boulevard du commerce
Kaloum, Conakry, Guinée

Réseaux sociaux

Powered by Netsen Group @ 2025